| 000 | 00810nam a2200217 a 4500 | ||
|---|---|---|---|
| 001 | 000025644 | ||
| 005 | 20200930023935.0 | ||
| 008 | 110218s1987 sp r 000 0 spa d | ||
| 020 | _a8420695599 | ||
| 040 |
_aDO-SdBNP _bspa _cBNPHU |
||
| 041 | 1 | 7 |
_aspa _heng _2Código de idiomas MARC |
| 082 |
_ann* _bnn* |
||
| 100 | 1 |
_aRosecrance, Richard. _952379 |
|
| 240 | 1 | 4 |
_aThe rise of the trading state. _lEspañol |
| 245 | 1 | 3 |
_aLa expansión en el estado comercial : _bcomercio y conquista en el mundo moderno / _cRichard Rosecrance ; traducción de josé Carlos Gómez Borrero. |
| 260 |
_aMadrid : _bAlianza, _c1987. |
||
| 300 |
_a261 p. ; _c22 cm. |
||
| 534 |
_aTítulo original : _tThe rise of the trading state |
||
| 500 | _aIncluye referencias bibliográficas y notas al pie de las páginas. | ||
| 049 | _aBNGR | ||
| 999 |
_c25136 _d25136 |
||